000 01578nam a22002777a 4500
003 DO-SdBNP
005 20250425112706.0
007 ta
008 110301s2021 dr ah 000 0 spa d
040 _aDO-SdBNP
_bspa
_cBNPHU
082 4 _bF615h
_222
100 _aFlete, Dagoberto Antonio,
_980105
_d1952-
245 1 0 _aHistoria de la banca dominicana /
_cDagoberto Ant. Flete ; prólogo, Yamen María Flete Hernández
260 _aSanto Domingo :
_bWilly Copy,
_c2021
300 _a187 p. :
_bil., gacs;
_c20 cm.
500 _aIncluye datos biográficos del autor en la contracubierta.
504 _aBibliografía: p. 186
505 _aPrólogo.
_t1. Historia de la Banca Dominicana.--
_t2. Origen del dinero.--
_t3. Origen de los banco.--
_t4. Historia del papel moneda.--
_t5. Junta Monetaria.--
_t6. En República Dominicana.--
_t7. Sistema Bancario especializado.--
_t8. Banca Múltiple.--
_t9. Apertura de la Banca Nacional.--
_t10. Fusiones de instituciones bancarias.-
_t11. Bancos Inventariados, Liquidados o Quebrados.--
_t12. Bancos de la República Dominicana.--
_t13. Anecdotario Bancario.--
_t14. Análisis del Sistema Bancario.--
_t15. Ranking de Instituciones Bancarias.--
_t16. Opinión del autor.--
_t17. Dedicatoria.--
_tBibliografía
590 _aInventariado, 2022/ YL
650 0 _96283
_aBancos
_zRepública Dominicana
_xHistoria
650 4 _953209
_aSistemas monetarios
_zRepública Dominicana
651 7 _945997
_aBancos
_zRepública Dominicana
_xHistoria
700 1 2 _aFlete Hernández, Yamen María
_eprol.
_981655
910 _aYLockward
942 _2ddc
_cLBS1
999 _c51780
_d51780